Valioliiga 23/24 visa - Statistics

Yleistilastot
  • Tätä visaa on pelattu 86 kertaa
  • Keskiarvotulos 8 / 15
Vastaustilastot
Kysymys Vastaus % Oikein
Mikä seuraavista joukkueista ei pudonnut alemmalle sarjatasolle? Nottingham Forest
97%
Kuka voitti maalikuninkuuden? (27) Erling Haaland
95%
Kuka voitti mestaruuden? Manchester City
95%
Kenellä maalivahdilla oli eniten nollapelejä? (16) David Raya
73%
Kuka voitti vuoden parhaan nuoren pelaajan palkinnon? Cole Palmer
62%
Mikä seuraavista joukkueista ei päässyt Eurooppa paikalle? Manchester United
62%
Kuinka monta maalia tehtiin Valioliigan kaudella 23/24? 1246
59%
Kuka voitti vuoden parhaan pelaajan palkinnon? Phil Foden
54%
Kuka seuraavista pelaajista teki vähintään yhden hattutempun kauden 23/24 aikana? Nicolas Jackson
46%
Ketä seuraavista joukkueista pelasi eniten tasapelejä? (12) Brighton
41%
Mikä seuraavista joukkueista sijoittui korkeimmalle? Fulham
41%
Mikä joukkue hukkasi eniten maalipaikkoja? (79) Liverpool
22%
Ketkä kaksi topparia pääsivät FOTMOB-pisteytyksen mukaan kauden joukkueeseen? Van Dijk & Romero
19%
Mikä seuraavista joukkueista päästi vähiten maaleja kauden aikana? (58) Manchester United
11%
Kenellä oli eniten maalisyöttöjä kauden lopuksi? (13) Ollie Watkins
5%
Ehtoja vastaavia visoja ei löytynyt
Tulosjakauma
Jokaisen tuloksen saaneiden osuus
Persentiili vastausten määrän mukaan
Tuloshistoriasi
Et ole pelannut tätä visaa